Der Amun-Re Hymnus des P. Boulaq 17 (P. Kairo CG 58038)

Αποθηκεύτηκε σε:
Λεπτομέρειες βιβλιογραφικής εγγραφής
Κύριος συγγραφέας: Luiselli, Maria Michela
Μορφή: Βιβλίο
Γλώσσα:German
Ancient Egyptian
Δημοσίευση: Wiesbaden : Harrassowitz, 2004
Σειρά:Kleine agyptische Texte ; ; 14
Θέματα:
Ετικέτες: Προσθήκη ετικέτας
Δεν υπάρχουν, Καταχωρήστε ετικέτα πρώτοι!

MARC

LEADER 00000nam a2200000 i 4500
001 1/34533
008 060919s2004 ger d
020 |a 3-447-04841-7 (pbk.) 
035 |l 10085257 
040 |a GR-MY-UA  |b gre  |e aacr 
041 0 |a ger  |a egy 
082 0 |a 299.3138  |2 (22) 
100 1 |a Luiselli, Maria Michela. 
245 1 4 |a Der Amun-Re Hymnus des P. Boulaq 17 (P. Kairo CG 58038) /  |c Maria Michela Luiselli 
260 |a Wiesbaden :   |b Harrassowitz,   |c 2004 
300 |a xxii, 109 σ.;  |c 24 εκ. 
490 1 |a Kleine agyptische Texte  |v ; 14 
650 0 0 |a Hymns, Egyptian. 
650 0 0 |a Amon (Egyptian deity) 
650 0 0 |a Egyptian language  |x Papyri, Hieratic. 
830 0 |a Kleine agyptische Texte ;  |v ; 14 
852 |a INST  |b RHODES  |e 20060919  |h 299.3138 LUI  |p 005400024219  |q 005400024219  |t BK  |y 0 
901 |a BIBL4-2006-2 
909 |a Ρ  |b 129440 
920 |a ΑΝΑΜΟΡΦΩΣΗ  |b ΕΠΕΑΕΚ ΙΙ-ΤΜΣ  |y ΡΟΔΟΣ  |z 2006-08 
970 |a ΚΟΖΑ  |b ΜΑΡΙΑ  |z 2006/09/19